000 00672cam a22001813 4500
001 000002095
005 20200929145830.0
008 821214s1943 nyu b eng
040 _aDO-SdBNP
_bspa
_cBNPHU
100 1 _aVance, John Thomas,
_d1884-1943.
_96742
245 1 4 _aThe background of Hispanic-American law :
_blegal sources and juridical literature of Spain /
_cJohn Thomas Vance.
260 _aNew York :
_bCentral book company,
_c1943.
300 _aviii, 296 p. ;
_c24 cm.
650 4 _aLey
_zEspaña
_xHistoria
_96743
650 4 _aLey
_zEspaña
_xBibliografía
_96744
740 0 _aHispanic-American law.
740 0 _aLegal sources and juridical literature of Spain.
999 _c1955
_d1955